[Event "London Classic - FIDE Open"]
[Site "Olympia"]
[Date "2009.12.10"]
[Round "3"]
[White "Buckley, Graeme N"]
[Black "McKerracher, Douglas"]
[Result "1-0"]
[WhiteElo "2388"]
[BlackElo "1957"]
[PlyCount "69"]
[EventDate "2009.??.??"]

1. d4 f5 2. g4 fxg4 3. e4 Nc6 4. Nc3 e5 5. dxe5 Nxe5 6. Bf4 d6 7. Qe2 c6 8.
O-O-O Qc7 9. h3 Nf6 10. Kb1 Be7 11. hxg4 Bxg4 12. f3 Bd7 13. Be3 b6 14. Qg2 Ng6
15. f4 Ng4 16. Bc1 O-O-O 17. Rh3 Rdf8 18. Ba6+ Kb8 19. Nge2 Nf2 20. Qxf2 Bxh3
21. f5 Ne5 22. Nf4 Bxf5 23. exf5 Rxf5 24. Qg2 g6 25. Ne6 Qd7 26. Nd4 Rf7 27.
Re1 Kc7 28. Ncb5+ Kd8 29. Rxe5 dxe5 30. Nxc6+ Ke8 31. Nxe5 Qd8 32. Qc6+ Kf8 33.
Nc7 Qd6 34. Qe8+ Kg7 35. Qxf7# 1-0

[Event "London Classic - FIDE Open"]
[Site "Olympia"]
[Date "2009.12.10"]
[Round "3"]
[White "Warman, Simon M"]
[Black "Summerscale, Aaron P"]
[Result "0-1"]
[WhiteElo "2153"]
[BlackElo "2449"]
[PlyCount "41"]
[EventDate "2009.??.??"]

1. e4 e6 2. d4 d5 3. Nd2 c5 4. Ngf3 Nf6 5. Bb5+ Bd7 6. Bxd7+ Nbxd7 7. e5 Ng8 8.
c3 Ne7 9. O-O Nc6 10. Re1 cxd4 11. cxd4 Be7 12. Nf1 Rc8 13. b3 Qb6 14. Bb2 O-O
15. Rc1 Qa6 16. a3 Na5 17. N1d2 Nb6 18. Re3 Qb5 19. Rec3 Rxc3 20. Rxc3 Na4 21.
Rc7 0-1

[Event "London Classic - FIDE Open"]
[Site "Olympia"]
[Date "2009.12.10"]
[Round "3"]
[White "Arkell, Keith C"]
[Black "Dimitrijeski, Boris"]
[Result "1/2-1/2"]
[WhiteElo "2464"]
[BlackElo "2236"]
[PlyCount "97"]
[EventDate "2009.??.??"]

1. d4 d5 2. c4 c6 3. Nf3 Nf6 4. g3 dxc4 5. Bg2 b5 6. a4 a6 7. Ne5 Bb7 8. axb5
axb5 9. Rxa8 Bxa8 10. Nc3 e6 11. O-O Nd5 12. e4 Nxc3 13. bxc3 Nd7 14. f4 Nf6
15. f5 c5 16. fxe6 fxe6 17. Bg5 Be7 18. Bxf6 Bxf6 19. Qh5+ g6 20. Nxg6 Bxd4+
21. Kh1 hxg6 22. Qxg6+ Kd7 23. Rf7+ Kd6 24. cxd4 cxd4 25. Qg7 e5 26. Rf6+ Kc5
27. Qa7+ Kb4 28. Rf1 c3 29. Rb1+ Kc4 30. Qa3 Qf8 31. Qb3+ Kc5 32. Qxb5+ Kd6 33.
Ra1 Bc6 34. Qb4+ Ke6 35. Qc4+ Kd6 36. Qb4+ Ke6 37. Qc4+ Kd6 38. Ra6 Qe8 39.
Qd5+ Kc7 40. Ra7+ Kb8 41. Qc5 Bb7 42. Ra5 Rh6 43. Qa7+ Kc7 44. Rc5+ Rc6 45.
Qa5+ Kb8 46. Rxe5 Qd7 47. Bh3 Qxh3 48. Re8+ Rc8 49. Qe5+ 1/2-1/2

[Event "London Classic - FIDE Open"]
[Site "Olympia"]
[Date "2009.12.10"]
[Round "3"]
[White "Berzinsh, Roland"]
[Black "Taylor, Peter P"]
[Result "1-0"]
[WhiteElo "2424"]
[BlackElo "2221"]
[PlyCount "71"]
[EventDate "2009.??.??"]

1. e4 c6 2. d4 d5 3. Nc3 dxe4 4. Nxe4 Bf5 5. Ng3 Bg6 6. h4 h6 7. Nf3 Nd7 8. h5
Bh7 9. Bd3 Bxd3 10. Qxd3 e6 11. Bf4 Qa5+ 12. c3 Ngf6 13. Ne5 Nd5 14. Bd2 Nxe5
15. dxe5 O-O-O 16. Qe2 Nb6 17. O-O Qb5 18. Qxb5 cxb5 19. Be3 Nd5 20. Bd4 a6 21.
f4 g6 22. Ne4 Be7 23. hxg6 fxg6 24. Bc5 Kd7 25. a4 bxa4 26. c4 Nc7 27. Rfd1+
Ke8 28. Bd6 Rc8 29. Nc5 b5 30. Bxe7 Kxe7 31. Rd7+ Ke8 32. Rad1 bxc4 33. Ne4 Nd5
34. R1xd5 exd5 35. Nf6+ Kf8 36. e6 1-0

[Event "London Classic - FIDE Open"]
[Site "Olympia"]
[Date "2009.12.10"]
[Round "3"]
[White "Coleman, David J"]
[Black "Loeffler, Stefan"]
[Result "0-1"]
[WhiteElo "2244"]
[BlackElo "2416"]
[PlyCount "90"]
[EventDate "2009.??.??"]

1. e4 e6 2. d4 d5 3. Nc3 dxe4 4. Nxe4 Qd5 5. Nc3 Bb4 6. Nf3 Nf6 7. Bd2 Qd8 8.
Bd3 b6 9. Qe2 Bb7 10. a3 Be7 11. O-O-O O-O 12. h4 Re8 13. Ng5 h6 14. Nge4 Nbd7
15. Rh3 Nxe4 16. Nxe4 Nf6 17. c4 a6 18. g4 Nxe4 19. Bxe4 Bxe4 20. Qxe4 Bxh4 21.
f4 f5 22. gxf5 exf5 23. Qxf5 Bf6 24. Bc3 Qc8 25. Qh5 Qe6 26. Rg1 Qxc4 27. Rhg3
Kf8 28. Qf5 Qf7 29. Rg6 Rad8 30. Bb4+ c5 31. dxc5 Bxb2+ 32. Kxb2 Re2+ 33. Qc2
Rxc2+ 34. Kxc2 Qa2+ 35. Kc1 Qa1+ 36. Kc2 Qa2+ 37. Kc1 Qc4+ 38. Kb2 a5 39. Bc3
Rd3 40. Rc1 Qb5+ 41. Ka1 bxc5 42. Rb1 Qe8 43. Bxg7+ Kf7 44. Rbb6 Rd1+ 45. Ka2
Qe2+ 0-1

[Event "London Classic - FIDE Open"]
[Site "Olympia"]
[Date "2009.12.10"]
[Round "3"]
[White "Osborne, Marcus E"]
[Black "Ferguson, Mark"]
[Result "1/2-1/2"]
[WhiteElo "2232"]
[BlackElo "2410"]
[PlyCount "39"]
[EventDate "2009.??.??"]

1. d4 d5 2. c4 c6 3. Nf3 Nf6 4. e3 Bf5 5. Nc3 e6 6. Nh4 Bg6 7. Be2 Nbd7 8. O-O
Bd6 9. g3 O-O 10. Nxg6 hxg6 11. Qb3 Rb8 12. Rd1 Qe7 13. Qc2 Bc7 14. Bd2 Rfc8
15. Rac1 a6 16. e4 Nxe4 17. Nxe4 dxe4 18. Qxe4 Nf6 19. Qh4 c5 20. Be3 1/2-1/2

[Event "London Classic - FIDE Open"]
[Site "Olympia"]
[Date "2009.12.10"]
[Round "3"]
[White "Chapman, Terry P D"]
[Black "Bellin, Robert"]
[Result "0-1"]
[WhiteElo "2222"]
[BlackElo "2388"]
[PlyCount "104"]
[EventDate "2009.??.??"]

1. Nf3 e6 2. d3 d5 3. Nbd2 b6 4. e4 Bb7 5. g3 g6 6. Bg2 Bg7 7. O-O Ne7 8. Re1
c5 9. h4 h6 10. c3 Nbc6 11. Qe2 Qc7 12. Nf1 d4 13. c4 e5 14. a3 a5 15. b3 Bc8
16. N3h2 h5 17. Bd2 Bh6 18. Rab1 Ng8 19. Rb2 Bd7 20. Kh1 Kf8 21. Bxh6+ Nxh6 22.
Nd2 Re8 23. Qf1 Qc8 24. Ndf3 Kg7 25. Qe2 f6 26. Qd2 Nf7 27. Rf1 Rhf8 28. Ne1
Nd6 29. Nhf3 Qd8 30. Nc2 f5 31. Ng5 f4 32. b4 axb4 33. axb4 Nf7 34. Nxf7 Rxf7
35. bxc5 bxc5 36. Ne1 Bg4 37. Nf3 Bxf3 38. Bxf3 Ref8 39. Qd1 Nb4 40. Bg2 Kh6
41. Kh2 Qf6 42. Rd2 g5 43. hxg5+ Qxg5 44. Rh1 fxg3+ 45. fxg3 Rf2 46. Rxf2 Rxf2
47. Kg1 Rc2 48. Rh3 Kg6 49. Kh2 Qg4 50. Qf1 Kg7 51. Kh1 Na2 52. Qb1 Rc1+ 0-1

[Event "London Classic - FIDE Open"]
[Site "Olympia"]
[Date "2009.12.10"]
[Round "3"]
[White "Remmler, Hans-Peter"]
[Black "Ansell, Simon T"]
[Result "1/2-1/2"]
[WhiteElo "2218"]
[BlackElo "2387"]
[PlyCount "82"]
[EventDate "2009.??.??"]

1. d4 d5 2. c4 c6 3. Nf3 Nf6 4. Nc3 dxc4 5. a4 Bf5 6. e3 e6 7. Bxc4 Bb4 8. O-O
O-O 9. Qe2 Nbd7 10. e4 Bg6 11. e5 Nd5 12. Nxd5 cxd5 13. Bd3 Be7 14. Bxg6 fxg6
15. Bd2 Nb8 16. Bc3 Nc6 17. Rfd1 Qd7 18. Ne1 Rf4 19. g3 Rf7 20. Rd3 Raf8 21.
Rf3 Rxf3 22. Nxf3 a6 23. h4 Qe8 24. Kg2 h6 25. Rh1 Qf7 26. Ne1 Bd8 27. f4 Bb6
28. Qd3 Qf5 29. Qxf5 gxf5 30. Nf3 Rc8 31. Kf2 Kf7 32. Ke3 Bd8 33. Kd3 Be7 34.
Rh2 b5 35. b3 Nb4+ 36. Bxb4 Bxb4 37. Rc2 Rxc2 38. Kxc2 Kg6 39. axb5 axb5 40.
Kd1 Kh5 41. Ke2 Kg4 1/2-1/2

[Event "London Classic - FIDE Open"]
[Site "Olympia"]
[Date "2009.12.10"]
[Round "3"]
[White "Piper, Matthew S"]
[Black "Yekta, Alireza S"]
[Result "1-0"]
[WhiteElo "2304"]
[BlackElo "1762"]
[PlyCount "57"]
[EventDate "2009.??.??"]

1. e4 d5 2. exd5 Qxd5 3. Nc3 Qd8 4. Bc4 Nf6 5. Nf3 c6 6. O-O Bf5 7. Ne2 e6 8.
Ng3 Bg6 9. Re1 Bd6 10. d4 O-O 11. Ne5 Qc7 12. Nxg6 hxg6 13. c3 Nbd7 14. Qf3 Nd5
15. Re4 N7f6 16. Rh4 Rfe8 17. Ne4 Nxe4 18. Qxe4 Nf6 19. Qf3 Kf8 20. Bg5 Ke7 21.
Rh7 Rg8 22. Rxg7 Rxg7 23. Qxf6+ Ke8 24. Qxg7 Bxh2+ 25. Kf1 Bd6 26. Re1 Qd7 27.
Bxe6 fxe6 28. Qg8+ Bf8 29. Rxe6+ 1-0

[Event "London Classic - FIDE Open"]
[Site "Olympia"]
[Date "2009.12.10"]
[Round "3"]
[White "Ivens, Birger"]
[Black "Collyer, Curt D"]
[Result "0-1"]
[WhiteElo "2052"]
[BlackElo "2294"]
[PlyCount "132"]
[EventDate "2009.??.??"]

1. e4 e6 2. d3 d5 3. Nd2 c5 4. c3 Nc6 5. Qc2 Bd6 6. g3 Nge7 7. Bg2 O-O 8. Ne2
b5 9. O-O b4 10. f4 bxc3 11. bxc3 Qa5 12. e5 Bc7 13. Nb3 Qa4 14. c4 Bb6 15. Nc3
Qa6 16. Nb5 Bd7 17. a3 Rab8 18. Be3 Nf5 19. Bf2 dxc4 20. dxc4 Ncd4 21. N5xd4
cxd4 22. c5 Rfc8 23. Qd2 Bxc5 24. Nxc5 Rxc5 25. Bxd4 Nxd4 26. Qxd4 Rc2 27. Rf2
Rxf2 28. Kxf2 g6 29. Bf1 Qc8 30. Rd1 Be8 31. Rd2 h5 32. Qxa7 Rb1 33. Bd3 Qc1
34. Bxb1 Qxd2+ 35. Kf3 Bc6+ 36. Be4 Qd3+ 37. Qe3 Bxe4+ 38. Kf2 Qc2+ 39. Ke1
Qb1+ 40. Kd2 Qc2+ 41. Ke1 Qb1+ 42. Kd2 Qc2+ 43. Ke1 Bd5 44. h4 Kf8 45. Kf1 Kg7
46. Ke1 Bc4 47. Qd2 Qb3 48. Qb4 Qxg3+ 49. Kd2 Qxf4+ 50. Kc3 Qc1+ 51. Kd4 Bd5
52. Kd3 Qa1 53. a4 Qxe5 54. a5 Qg3+ 55. Kd2 Qf2+ 56. Kd3 Qa2 57. Qd4+ Kg8 58.
Qa7 Qb3+ 59. Kd2 Qb4+ 60. Kd3 Qxh4 61. a6 Qe4+ 62. Kc3 h4 63. Qb8+ Kg7 64. a7
h3 65. Kd2 h2 66. Qb2+ e5 0-1

[Event "London Classic - FIDE Open"]
[Site "Olympia"]
[Date "2009.12.10"]
[Round "3"]
[White "Storey, Charles H"]
[Black "Green, Conrad"]
[Result "1-0"]
[WhiteElo "2292"]
[BlackElo "1650"]
[PlyCount "145"]
[EventDate "2009.??.??"]

1. b4 d5 2. Bb2 e6 3. f4 Nf6 4. a3 c5 5. bxc5 Bxc5 6. d4 Bd6 7. e3 Nc6 8. Nf3
O-O 9. Bd3 Nd7 10. Nbd2 f6 11. c4 dxc4 12. Nxc4 Nb6 13. Nxb6 Qxb6 14. Qc2 f5
15. g4 Bd7 16. gxf5 exf5 17. Rg1 Na5 18. Qg2 Rf7 19. Ng5 Re7 20. Qd5+ Kh8 21.
Nf7+ Rxf7 22. Qxf7 Bf8 23. Rg2 Be6 24. Qh5 Qc6 25. Rg3 Qe8 26. Qxe8 Rxe8 27.
Rc1 Kg8 28. Rc7 Rc8 29. Rxc8 Bxc8 30. Rg2 Be6 31. Rc2 a6 32. d5 Bxd5 33. Bxf5
Nc4 34. e4 Bf7 35. Bc8 Nxb2 36. Rxb2 Bxa3 37. Rxb7 a5 38. Bd7 Bb4+ 39. Kf2 Bd6
40. e5 Bc5+ 41. Kg3 Kf8 42. f5 Bb4 43. Bc6 Bh5 44. Bf3 Be1+ 45. Kg2 Be8 46. Rb8
Ke7 47. f6+ gxf6 48. exf6+ Kf7 49. Bh5+ Kxf6 50. Bxe8 h6 51. Ra8 Ke7 52. Ba4
Bd2 53. Kf3 Kf6 54. Kg4 Kg7 55. Ra6 Kf7 56. Kf5 Ke7 57. Ra7+ Kd6 58. Rd7+ Kc5
59. Rxd2 Kb4 60. Be8 Kc3 61. Rd6 Kc4 62. Rxh6 Kd4 63. Ra6 Kd5 64. h4 Kd4 65. h5
Kd5 66. h6 Kd4 67. h7 Kd5 68. h8=Q Kc4 69. Rc6+ Kd3 70. Qc3+ Ke2 71. Qc2+ Ke3
72. Rc3+ Kd4 73. Qd3# 1-0

[Event "London Classic - FIDE Open"]
[Site "Olympia"]
[Date "2009.12.10"]
[Round "3"]
[White "Franklin, Michael J"]
[Black "Conquest, Stuart C"]
[Result "1/2-1/2"]
[WhiteElo "2181"]
[BlackElo "2563"]
[PlyCount "81"]
[EventDate "2009.??.??"]

1. d4 d6 2. h3 Nd7 3. Nf3 c5 4. e3 Ngf6 5. Be2 g6 6. O-O Bg7 7. c4 O-O 8. Nc3
a6 9. d5 b5 10. cxb5 axb5 11. Bxb5 Ne8 12. e4 Nc7 13. Bc6 Rb8 14. Re1 Nb6 15.
Qc2 Na6 16. a3 Nc4 17. Qe2 Na5 18. Ba4 Nb3 19. Bxb3 Rxb3 20. e5 Nc7 21. Qc4 Rb6
22. exd6 exd6 23. Bg5 f6 24. Bc1 Qd7 25. Qa2 Ba6 26. Be3 Rbb8 27. Bf4 Kh8 28.
Rad1 Rb6 29. Bg3 Rfb8 30. b4 cxb4 31. axb4 Rxb4 32. Ne4 R4b6 33. Nd4 Bb7 34.
Nc6 Ra8 35. Qe2 Ne8 36. Qe3 Rba6 37. Nb4 Ra5 38. Nc6 Ra3 39. Qb6 R3a6 40. Qb4
Ra4 41. Qb5 1/2-1/2

[Event "London Classic - FIDE Open"]
[Site "Olympia"]
[Date "2009.12.10"]
[Round "3"]
[White "Yeo, Michael J"]
[Black "Cherniaev, Alexander"]
[Result "0-1"]
[WhiteElo "2153"]
[BlackElo "2465"]
[PlyCount "50"]
[EventDate "2009.??.??"]

1. e4 c5 2. Nf3 Nc6 3. d4 cxd4 4. Nxd4 Nf6 5. Nc3 e5 6. Ndb5 d6 7. Bg5 a6 8.
Bxf6 gxf6 9. Na3 b5 10. Nd5 Bg7 11. c3 f5 12. Bd3 Ne7 13. Nxe7 Qxe7 14. Nc2 Qg5
15. O-O f4 16. Qe2 Bf6 17. Nb4 Rg8 18. f3 Bd8 19. Nd5 Rg6 20. Rfd1 Rh6 21. Qf1
Be6 22. Bxb5+ Kf8 23. Bxa6 Bxd5 24. Qb5 Bxe4 25. Kh1 Qg3 0-1

[Event "London Classic - FIDE Open"]
[Site "Olympia"]
[Date "2009.12.10"]
[Round "3"]
[White "Krawczyk, Andrzej"]
[Black "Barle, Janez"]
[Result "0-1"]
[WhiteElo "2152"]
[BlackElo "2420"]
[PlyCount "100"]
[EventDate "2009.??.??"]

1. e4 Nc6 2. Nf3 e5 3. Bc4 Be7 4. c3 Nf6 5. d3 O-O 6. O-O d6 7. Bb3 Na5 8. Bc2
c5 9. Nbd2 Nc6 10. Re1 Be6 11. Nf1 Rc8 12. Ng3 Qd7 13. h3 Rfe8 14. Ba4 a6 15.
c4 Rb8 16. Bxc6 Qxc6 17. Ng5 Bd7 18. f4 b5 19. Qc2 Bd8 20. Be3 Ba5 21. Re2 h6
22. Nf3 exf4 23. Bxf4 Nh7 24. Rf1 Nf8 25. Bc1 Ng6 26. b3 Bd8 27. Nh5 bxc4 28.
bxc4 Qa4 29. Qc3 f6 30. Qe1 Kh7 31. Qg3 Re7 32. Nh4 Nxh4 33. Qxh4 Rf7 34. Nf4
Rb1 35. Qh5 Kg8 36. Nd5 Ra1 37. Bb2 Rxf1+ 38. Kxf1 Qd1+ 39. Kf2 Qxd3 40. Qh4
Qxc4 41. Qg3 Bb5 42. Re1 Qc2+ 43. Kf3 Qxb2 44. Qxd6 Rf8 45. Qxc5 Qxa2 46. Nf4
Qc4 47. Qf5 Qc3+ 48. Kg4 Qe5 49. Rd1 Qxf5+ 50. exf5 Bc7 0-1

[Event "London Classic - FIDE Open"]
[Site "Olympia"]
[Date "2009.12.10"]
[Round "3"]
[White "Barton, R Alan"]
[Black "Slavin, Alexei"]
[Result "0-1"]
[WhiteElo "2119"]
[BlackElo "2392"]
[PlyCount "96"]
[EventDate "2009.??.??"]

1. d4 Nf6 2. Nf3 e6 3. c3 b6 4. Bg5 Be7 5. Nbd2 Bb7 6. e3 O-O 7. Bd3 d6 8. Qe2
c5 9. O-O Nbd7 10. Ba6 Bc6 11. a4 d5 12. b4 Nb8 13. Ne5 Qc7 14. Bd3 Bb7 15. f4
Ne4 16. Bxe7 Qxe7 17. bxc5 Nxd2 18. Qxd2 f6 19. Ng4 bxc5 20. Rf3 Ba6 21. Bxa6
Nxa6 22. Rh3 g6 23. Nh6+ Kh8 24. Rf1 Rab8 25. Qe2 Nc7 26. e4 cxd4 27. cxd4 Rb4
28. exd5 Nxd5 29. Qe4 f5 30. Qe5+ Qf6 31. Qd6 Rxd4 32. Qa6 Nxf4 33. Rb3 Qg5 34.
g3 Nh3+ 35. Kh1 Qxh6 36. Qxa7 Rd2 37. Rb7 Ng5 38. h4 Ne4 39. Kg1 Nxg3 40. Qc5
Ne2+ 41. Kg2 Nf4+ 42. Kg3 Rg2+ 43. Kf3 Qh5+ 44. Kxf4 Qg4+ 45. Ke5 Qe4+ 46. Kd6
Rd2+ 47. Ke7 Qxb7+ 48. Kxf8 Rd8# 0-1

[Event "London Classic - FIDE Open"]
[Site "Olympia"]
[Date "2009.12.10"]
[Round "3"]
[White "Madan, Augustin"]
[Black "Roberts, David L"]
[Result "1-0"]
[WhiteElo "2384"]
[BlackElo "2119"]
[PlyCount "75"]
[EventDate "2009.??.??"]

1. d4 Nf6 2. Nf3 g6 3. g3 Bg7 4. Bg2 O-O 5. O-O d6 6. a4 a5 7. c3 Nbd7 8. b4
axb4 9. cxb4 c5 10. Bb2 cxb4 11. Qb3 Qa5 12. Nbd2 Nb6 13. e4 Be6 14. d5 Bd7 15.
Bd4 Nxa4 16. Rfb1 b5 17. Bf1 Rfb8 18. e5 Ng4 19. exd6 exd6 20. h3 Ne5 21. Bxe5
dxe5 22. Ne4 Rc8 23. Nfg5 h6 24. Nxf7 Kxf7 25. Nd6+ Kg8 26. Nxc8 Rxc8 27. d6+
Kh7 28. Qf7 Qd8 29. Bd3 Bf5 30. Bxf5 gxf5 31. Qxf5+ Kh8 32. Rxb4 Rc5 33. Qe6 e4
34. Rxe4 Bxa1 35. Qxh6+ Kg8 36. Rg4+ Kf7 37. Qg6+ Kf8 38. Qg8# 1-0

[Event "London Classic - FIDE Open"]
[Site "Olympia"]
[Date "2009.12.10"]
[Round "3"]
[White "Crouch, Colin S"]
[Black "Fegan, Chris"]
[Result "1-0"]
[WhiteElo "2346"]
[BlackElo "2078"]
[PlyCount "119"]
[EventDate "2009.??.??"]

1. d4 g6 2. e4 Bg7 3. c3 e5 4. dxe5 Nc6 5. f4 f6 6. exf6 Nxf6 7. e5 Nh5 8. Nf3
O-O 9. g3 d6 10. exd6 Re8+ 11. Kf2 cxd6 12. Bc4+ Kf8 13. Na3 Nf6 14. Kg2 d5 15.
Bb3 Qb6 16. Nc2 Ne4 17. Be3 d4 18. cxd4 Na5 19. d5 Qb5 20. Ncd4 Qa6 21. Re1 Nc5
22. Ne5 Naxb3 23. Nxb3 Nd7 24. Nc5 Nxc5 25. Bxc5+ Kg8 26. Qb3 Bf5 27. Rad1 Rac8
28. Qe3 Qxa2 29. d6 Qxb2+ 30. Rd2 Qb5 31. Bxa7 Ra8 32. Qc5 Qa4 33. d7 Bxd7 34.
Rxd7 Qa2+ 35. Kf1 Bxe5 36. Rxe5 Qa1+ 37. Kg2 Rxe5 38. fxe5 Qb2+ 39. Kg1 Qb1+
40. Kg2 Qb3 41. Kf1 Rf8+ 42. Ke1 Qb1+ 43. Kd2 Qb2+ 44. Qc2 Qb4+ 45. Qc3 Qa4 46.
e6 Qa2+ 47. Kc1 Rf1+ 48. Rd1 Rxd1+ 49. Kxd1 Qxa7 50. Qc8+ Kg7 51. Qd7+ Kf6 52.
Qf7+ Ke5 53. e7 Qd4+ 54. Ke2 Qb2+ 55. Kf3 Qc3+ 56. Kg2 Qc6+ 57. Kh3 Qd7+ 58.
Kh4 g5+ 59. Kxg5 h6+ 60. Kh4 1-0

[Event "London Classic - FIDE Open"]
[Site "Olympia"]
[Date "2009.12.10"]
[Round "3"]
[White "Aikhoje, Odion"]
[Black "Sara, Valerio"]
[Result "1-0"]
[WhiteElo "2252"]
[BlackElo "2072"]
[PlyCount "71"]
[EventDate "2009.??.??"]

1. Nf3 d5 2. d4 Nf6 3. Bg5 Ne4 4. Bf4 c5 5. c3 Qb6 6. Qb3 c4 7. Qc2 Bf5 8. Qc1
Nc6 9. Nbd2 Qd8 10. Nxe4 Bxe4 11. Nd2 Bg6 12. e4 e6 13. Be2 Be7 14. O-O O-O 15.
Bf3 Bg5 16. Bxg5 Qxg5 17. b3 b5 18. bxc4 dxc4 19. a4 Bh5 20. Bxh5 Qxh5 21. axb5
Qxb5 22. Qb1 a6 23. Qa2 Ne7 24. Rfb1 Qg5 25. Nxc4 Ng6 26. Qd2 Nf4 27. g3 Nh3+
28. Kg2 Qh5 29. Qd1 Qh6 30. Qg4 Ng5 31. h4 Qg6 32. hxg5 f5 33. exf5 exf5 34.
Qf3 Qxg5 35. Qd5+ Kh8 36. Ne5 1-0

[Event "London Classic - FIDE Open"]
[Site "Olympia"]
[Date "2009.12.10"]
[Round "3"]
[White "Clarke, Brandon G I"]
[Black "Lyell, Mark"]
[Result "0-1"]
[WhiteElo "2056"]
[BlackElo "2245"]
[PlyCount "34"]
[EventDate "2009.??.??"]

1. e4 c6 2. c4 d5 3. exd5 cxd5 4. d4 Nf6 5. Nc3 g6 6. Bg5 Ne4 7. Bf4 Bg7 8.
Nxd5 O-O 9. Bxb8 Rxb8 10. Qc2 Nd6 11. O-O-O Bf5 12. Qd2 b5 13. Re1 Ne4 14. Qf4
e6 15. Nc3 Nxc3 16. bxc3 Qa5 17. Qd2 Bh6 0-1

[Event "London Classic - FIDE Open"]
[Site "Olympia"]
[Date "2009.12.10"]
[Round "3"]
[White "Owen, Dennis"]
[Black "Anderton, Matthew N"]
[Result "0-1"]
[WhiteElo "2055"]
[BlackElo "2232"]
[PlyCount "52"]
[EventDate "2009.??.??"]

1. e4 e6 2. d4 d5 3. Nd2 Nf6 4. e5 Nfd7 5. Bd3 c5 6. c3 Nc6 7. Ne2 cxd4 8. cxd4
f6 9. exf6 Nxf6 10. Nf3 Bd6 11. O-O Qc7 12. Nc3 a6 13. a3 O-O 14. Bd2 Kh8 15.
g3 e5 16. dxe5 Nxe5 17. Nxe5 Bxe5 18. Rc1 Qf7 19. f4 Bd4+ 20. Kh1 Bh3 21. Re1
Ng4 22. Re2 Rae8 23. Qb3 Rxe2 24. Bxe2 Nf2+ 25. Kg1 Ne4+ 26. Kh1 Nxd2 0-1

[Event "London Classic - FIDE Open"]
[Site "Olympia"]
[Date "2009.12.10"]
[Round "3"]
[White "Cutmore, David A"]
[Black "Stephan, Axel"]
[Result "0-1"]
[WhiteElo "2054"]
[BlackElo "2225"]
[PlyCount "76"]
[EventDate "2009.??.??"]

1. d4 Nf6 2. c4 g6 3. Nc3 d5 4. Nf3 Bg7 5. Qb3 dxc4 6. Qxc4 O-O 7. e4 Bg4 8.
Be2 Nfd7 9. Be3 Nb6 10. Qc5 N8d7 11. Qa3 Bxf3 12. gxf3 e5 13. d5 f5 14. h4 f4
15. Bd2 h5 16. O-O-O Bf6 17. d6 c6 18. Rdg1 Kh7 19. Na4 Bxh4 20. Rg2 Bf6 21.
Nc5 Nxc5 22. Qxc5 Bg7 23. Bd1 Nd7 24. Qc4 Rf6 25. Bb3 Nb6 26. Qf1 Qxd6 27. Qg1
Qe7 28. Bc3 c5 29. Rg5 Rc6 30. Bd5 Nxd5 31. exd5 Rd6 32. Qg4 Re8 33. Bxe5 Bxe5
34. Rhxh5+ gxh5 35. Qf5+ Kh8 36. Rxh5+ Kg8 37. Qg4+ Bg7 38. Qf5 Qe1+ 0-1

[Event "London Classic - FIDE Open"]
[Site "Olympia"]
[Date "2009.12.10"]
[Round "3"]
[White "Bennion, David"]
[Black "Harari, Zaki"]
[Result "0-1"]
[WhiteElo "2025"]
[BlackElo "2218"]
[PlyCount "86"]
[EventDate "2009.??.??"]

1. d4 d5 2. c4 dxc4 3. Nf3 Nf6 4. Nc3 e6 5. e4 Be7 6. e5 Nd5 7. Bxc4 O-O 8. h4
c5 9. Ng5 cxd4 10. Qh5 h6 11. Nce4 Qc7 12. Bd3 Qxe5 13. f4 Nxf4 14. Bxf4 Qxf4
15. Rh3 e5 16. Rg3 Bf5 17. Nh3 Bxh3 18. Rxh3 f5 19. Bc4+ Kh8 20. Ng5 Bb4+ 21.
Ke2 Qg4+ 22. Qxg4 fxg4 23. Rb3 Nc6 24. Bd5 hxg5 25. hxg5 g6 26. Bxc6 bxc6 27.
Rxb4 Rab8 28. Rf1 Rxb4 29. Rxf8+ Kg7 30. Re8 Rxb2+ 31. Kd3 Rb5 32. Re7+ Kf8 33.
Rxa7 Rd5 34. Ra3 Ke7 35. Kd2 e4 36. Ra4 Ke6 37. Ra6 Kd6 38. Ra4 Ke5 39. Ra6 Rc5
40. Ra8 e3+ 41. Kd1 d3 42. Re8+ Kd4 43. Rd8+ Kc3 0-1

[Event "London Classic - FIDE Open"]
[Site "Olympia"]
[Date "2009.12.10"]
[Round "3"]
[White "Lasinskas, Povilas"]
[Black "Odeh, Kenneth"]
[Result "1-0"]
[WhiteElo "2187"]
[BlackElo "2001"]
[PlyCount "47"]
[EventDate "2009.??.??"]

1. d4 Nf6 2. c4 g6 3. Nc3 d5 4. cxd5 Nxd5 5. Bd2 Bg7 6. e4 Nxc3 7. Bxc3 O-O 8.
Qd2 b6 9. h4 h5 10. O-O-O Kh7 11. Kb1 Bh6 12. Qc2 f5 13. Bd3 e6 14. f3 a5 15.
g4 Nc6 16. gxh5 gxh5 17. a3 Nxd4 18. Bxd4 Qxd4 19. exf5 exf5 20. Nh3 c5 21.
Ng5+ Kh8 22. Be4 fxe4 23. Rxd4 cxd4 24. Qc6 1-0

[Event "London Classic - FIDE Open"]
[Site "Olympia"]
[Date "2009.12.10"]
[Round "3"]
[White "Phillips, William"]
[Black "Almond, Richard J"]
[Result "1/2-1/2"]
[WhiteElo "1998"]
[BlackElo "2174"]
[PlyCount "89"]
[EventDate "2009.??.??"]

1. e4 d5 2. exd5 Qxd5 3. Nc3 Qa5 4. d4 c6 5. Nf3 Nf6 6. Bd2 Bf5 7. Bc4 e6 8.
Nd5 Qd8 9. Nxf6+ gxf6 10. c3 Nd7 11. Nh4 Bg6 12. O-O Bg7 13. Qf3 O-O 14. Nxg6
hxg6 15. Rfe1 f5 16. Qg3 Nb6 17. Bb3 Nd5 18. Bg5 Bf6 19. Bxf6 Qxf6 20. Bxd5
cxd5 21. Qe5 Qxe5 22. Rxe5 b5 23. f3 a5 24. g4 b4 25. h4 Kg7 26. h5 Kf6 27.
hxg6 fxg6 28. Rae1 Ra6 29. g5+ Kf7 30. cxb4 axb4 31. Rc1 Re8 32. Re2 Rxa2 33.
Rh2 Kg8 34. Rc7 Ra1+ 35. Kf2 Rb1 36. Rhh7 Rxb2+ 37. Kg3 Rc2 38. Rhg7+ Kh8 39.
Rh7+ Kg8 40. Rcg7+ Kf8 41. Rb7 Kg8 42. Rhg7+ Kh8 43. Rxg6 b3 44. Rh6+ Kg8 45.
Rg6+ 1/2-1/2

[Event "London Classic - FIDE Open"]
[Site "Olympia"]
[Date "2009.12.10"]
[Round "3"]
[White "Friedland, Jon S"]
[Black "Hayward, Alan"]
[Result "1-0"]
[WhiteElo "2162"]
[BlackElo "1986"]
[PlyCount "77"]
[EventDate "2009.??.??"]

1. e4 c5 2. c3 d5 3. exd5 Qxd5 4. d4 Nf6 5. Nf3 e6 6. Be3 cxd4 7. cxd4 Be7 8.
Nc3 Qd8 9. Bd3 Nc6 10. a3 O-O 11. O-O b6 12. Qe2 Bb7 13. Rad1 h6 14. Rfe1 Re8
15. Bb1 Bf8 16. Qc2 Ne7 17. Ne5 Rc8 18. Qd3 g6 19. Qd2 h5 20. Bg5 Nf5 21. d5
Bd6 22. dxe6 Rxe6 23. Ba2 Kg7 24. Bxe6 fxe6 25. Nb5 Bd5 26. Nxd6 Qxd6 27. b4 b5
28. Qb2 Rf8 29. Nd3 Qc6 30. Nf4 Ne7 31. Rxd5 Nexd5 32. Nxe6+ Kg8 33. Nxf8 Kxf8
34. h3 Kf7 35. Qd4 Qc7 36. Rc1 Qb7 37. Qe5 Nd7 38. Qd6 a6 39. Rc6 1-0

[Event "London Classic - FIDE Open"]
[Site "Olympia"]
[Date "2009.12.10"]
[Round "3"]
[White "Pedersen, Carsten"]
[Black "Pupier, Terry"]
[Result "1-0"]
[WhiteElo "2155"]
[BlackElo "1940"]
[PlyCount "107"]
[EventDate "2009.??.??"]

1. e4 c5 2. Nc3 Nc6 3. g3 g6 4. Bg2 Bg7 5. d3 d6 6. f4 e6 7. Nf3 Nge7 8. O-O
O-O 9. Be3 Nd4 10. e5 Nef5 11. Bf2 Nxf3+ 12. Qxf3 Nd4 13. Qd1 dxe5 14. fxe5
Bxe5 15. Ne4 f5 16. Nxc5 Qc7 17. b4 f4 18. gxf4 Rxf4 19. c3 Nf5 20. Qb3 Kh8 21.
d4 Bd6 22. Nxe6 Bxe6 23. Qxe6 Rg4 24. Qf6+ Kg8 25. Bg3 Rf8 26. Bd5+ Rf7 27.
Qxf7+ Qxf7 28. Bxf7+ Kxf7 29. Rf3 Ke6 30. Re1+ Kd7 31. Kf2 Be7 32. Re5 h5 33.
Rexf5 gxf5 34. Rxf5 h4 35. Be5 Rg6 36. d5 Ra6 37. Rf7 Rxa2+ 38. Ke3 Ra6 39. d6
Rxd6 40. Bxd6 Kxd6 41. h3 Ke6 42. Rh7 a6 43. Rh6+ Kd7 44. Kd4 Bg5 45. Rh7+ Kc6
46. Rh5 Bd8 47. c4 Bf6+ 48. Ke4 Be7 49. Rh6+ Kd7 50. Kd5 Bxb4 51. Rb6 Be1 52.
Rxb7+ Kc8 53. Kc6 a5 54. Re7 1-0

[Event "London Classic - FIDE Open"]
[Site "Olympia"]
[Date "2009.12.10"]
[Round "3"]
[White "Lie, Terje"]
[Black "Gavriel, Tryfon C"]
[Result "0-1"]
[WhiteElo "1666"]
[BlackElo "2153"]
[PlyCount "94"]
[EventDate "2009.??.??"]

1. d4 Nf6 2. c4 g6 3. Nc3 Bg7 4. e4 d6 5. f3 O-O 6. Be3 c5 7. Nge2 Nc6 8. Qd2
Nd7 9. Bh6 Bxh6 10. Qxh6 Nxd4 11. O-O-O e5 12. Nd5 Nb6 13. Nec3 Nxd5 14. exd5
f5 15. h4 a6 16. Ne2 Qf6 17. Qg5 h5 18. Nxd4 Qxg5+ 19. hxg5 cxd4 20. b4 Bd7 21.
g3 Rfc8 22. Kb2 b5 23. Rc1 bxc4 24. Bxc4 Rcb8 25. a3 a5 26. Ba2 Kf7 27. Rc7 Ke7
28. Kb3 Kd8 29. Rxd7+ Kxd7 30. Rc1 axb4 31. axb4 Rxa2 32. Kxa2 Rxb4 33. g4 hxg4
34. fxg4 f4 35. Rh1 d3 36. Rh7+ Kc8 37. Ka3 Rd4 38. Rh8+ Kb7 39. Rh1 d2 40. Rd1
e4 41. Kb3 e3 42. Kc3 Rxd5 43. Kc4 Kc6 44. Kc3 e2 45. Ra1 d1=Q 46. Ra6+ Kd7 47.
Ra7+ Ke6 0-1